000 01535cam a22003131i 4500
003 SA-RiAUC
005 20250924063626.0
008 250729s1993 su o g 000k0 ara c
040 _aSA-JeALM
_bara
_cSA-RiAUC
_erda
043 _aa-su---
082 0 4 _a953.122
_qSA-RiAUC
090 _a953.122
_bغ ا م
100 1 _aالغامدي، عاصم حمدان علي،
_d1373 هجري-
_eمؤلف.
245 1 0 _aحارة المناخة :
_bصورة أدبية للمدينة المنورة في القرن الرابع عشر الهجري /
_cعاصم حمدان علي حمدان.
250 _aالطبعة الأولى.
264 1 _aجدة [السعودية] :
_bدار القبلة للثقافة الإسلامية،
_c1993.
300 _a106 صفحة :
_bصور ؛
_c24 سم
336 _aنص
_btxt
_2rdacontent
_3كتاب
337 _aبدون وسيط
_bn
_2rdamedia
338 _aمجلد
_bnc
_2rdacarrier
500 _aإهداء من المؤلف عاصم حمدان علي حمدان بتاريخ 1414/5/17 هـ
650 7 _aالأدب العربي
_zالسعودية
_xتاريخ ونقد
_yقرن 14 هجري
_2aucsh
651 7 _aالمدينة المنورة
_xتاريخ
_yقرن 14 هجري
_2aucsh
651 7 _aالمدينة المنورة
_xأحوال اجتماعية
_xتاريخ
_yقرن 14 هجري
_2aucsh
651 7 _aالمناخة (السعودية)
_xفي الأدب
_2aucsh
700 1 _aمدني، غازي عبيد
_eمقدم.
942 _2ddc
_cBOOK
_n0
949 _aSA-JeALM
_d250729
_umohamedma123
_n1
999 _c12080
_d12080